Least Visited Countries in 2016 - Statistics

General Stats
  • This quiz has been taken 660 times
  • The average score is 7 of 15
Answer Stats
No.visitors # Country Continent % Correct
1,000 1. Tuvalu Oceania
81%
4,000 2. Kiribati Oceania
72%
199,000 15. French Guiana South America
70%
69,000 9. Liechtenstein Europe
55%
121,000 12. Moldova Europe
54%
60,000 7. San Marino Europe
54%
155,000 14. Bhutan Asia
47%
8,000 3. Sao Tome and Principe Africa
46%
24,000 5. Comoros Africa
45%
66,000 8. East Timor Asia
42%
51,000 6. Djibouti Africa
39%
74,400 10. Sierra Leone Africa
20%
125,000 13. Bangladesh Asia
13%
79,000 11. Anguilla North America
11%
9,000 4. Montserrat North America
10%
No matching quizzes found
Score Distribution
Percent of People with Each Score
Percentile by Number Answered
Your Score History
You have not taken this quiz